1690 1343 1916 1361 1033 1356 1681 1666 1574 1444 1522 1983 1236 1221 1796 1533 1266 1453 1754 1574 1661 1981 1180 1769 1039 1489 1211 1940 1030 1798 1806 1311 1206 1255 1578 1748 1759 1581 1374 1693 1562 1974 1654 1219 1074 1511 1347 1954 1586 1514 1037 1402 1990 1735 1332 1777 1610 1666 1664 1949 1903 1619 1281 1804 1782 1030 1579 1615 1416 1933 1777 1642 1459 1652 1193 1862 1059 1345 1053 1208 1467 1654 1671 1615 1618 1835 1255 1783 1784 1838 1034 1072 1180 1434 1567 1069 1881 1079 1994 BCNSPRNW ULIB Ver.6.0+V

เปลี่ยนเป็นภาษาไทย

Change to English
 แสดงรายละเอียดบรรณานุกรม
  กลับหน้าหลัก

Brief Record : Get Marc (ISO 2709) : E-mail record : QR code < ปิดหน้าต่าง
LEADER : 00000nam 2200000uu 4500
001    13399125186
003     ULIB
008    161104s2558||||th 000 0 tha d
020    ^a9786162832482
050  4 ^aDS578.32.B4^bก441จ
245 00 ^aจดหมายเหตุเฉลิมพระเกียรติ สมเด็จพระบรมโอรสาธิราช เจ้าฟ้ามหาวชิราลงกรณ สยามมกุฎราชกุมาร เนื่องในโอกาสพระราชพิธีมหามงคลเฉลอมพระชนมพรรษา 5 รอบ 28 กรกฏาคม 2555 ^cกรมศิลปากร กระทรงวัฒนธรรม
260    ^aกรุงเทพฯ :^bกรมศิลปากร กระทรงวัฒนธรรม,^c2558
300    ^a452 หน้า :^bภาพประกอบ (ภาพสีบางภาพ) ;^c27 ซม.
710 2  ^aกรมศิลปากร กระทรงวัฒนธรรม
945    ^p0^l0^i001464
999    ^aวรรณษา ชูชัยมงคล
รายการนี้ยังไม่มีแท็ก
คุณยังไม่ได้ล็อกอิน คุณสามารถมีกิจกรรมร่วมกับเว็บไซต์ได้ แต่ต้องล็อกอินก่อน ::
  ล็อกอิน

รายการสื่อสารสนเทศ

ลำดับที่ ประเภท เลขเรียก/บาร์โค้ด สถานที่ สถานะ
1. การศึกษาทั่วไป
การศึกษาทั่วไป
DS578.32.B4 ก441จ ฉ.1 
  Barcode: 001464
ห้องสมุดวิทยาเขตสวรรค์ประชารักษ์
►หนังสือทั่วไป
บนชั้น

BibComment


ยังไม่เคยถูกคอมเมนท์

คอมเมนท์ทรัพยากรรายการนี้
  คอมเมนท์: จดหมายเหตุเฉลิมพ..


 Copyright 2026. Bcnsprnw @Library